| 000 | 01025nac a22003017a 4500 | ||
|---|---|---|---|
| 001 | BR9201794 | ||
| 003 | BR-BrBNA | ||
| 005 | 20240105121233.0 | ||
| 008 | 230509b bl.|||m| |||| 00| 0 por d | ||
| 040 |
_aBR-BrBNA _bpor _cBiblioteca Nacional de Agricultura |
||
| 072 | _aK10 | ||
| 090 | _aK10 BR9201794 | ||
| 100 | 1 | _aZakia, M.J.B. | |
| 100 | 1 | _aPareyn, F.G. | |
| 100 | 1 | _aBurkart, R.N. | |
| 100 | 1 | _aIsaia, E.M.B.I. | |
| 110 | 1 | _aInstituto Brasileiro do Meio Ambiente e dos Recursos Naturais Renovaveis, Natal, RN (Brasil) | |
| 245 | 1 | _aIncremento das matas nativas do Serido do Rio Grande do Norte | |
| 246 | 1 | _a[Increment of natural forests in Serido, Rio Grande do Norte, Brazil! | |
| 260 | 3 |
_aNatal, RN (Brasil): _c1991. |
|
| 300 | _a6 p. | ||
| 490 |
_aCircular Tecnica do Projeto PNUD/FAO/BRA/87/007 (Brazil) _vno. 10 _x |
||
| 500 | _a10 ref.; Summaries (En, Pt) | ||
| 650 | _aFLORESTA | ||
| 650 | _aRIO GRANDE DO NORTE | ||
| 909 |
_a202312 _bLúcia Elande _c55 _dLúcia Elande |
||
| 942 |
_2AGRIS _n0 _cMS |
||
| 999 |
_c284125 _d284125 |
||